| 000 | 03482nam a2200373 i 4500 | ||
|---|---|---|---|
| 001 | 768714001 | ||
| 003 | CO-MdFUSB | ||
| 005 | 20260317101148.0 | ||
| 007 | ta | ||
| 008 | t2023 ck |||| |||| 00| 0 spa d | ||
| 020 | _a978-628-95384-5-8 | ||
| 020 | _a978-628-95384-4-1 | ||
| 040 |
_aCO-MdFUSB _bspa _cCO-MdFUSB _dCO-MdFUSBC _erda |
||
| 041 | _aspa | ||
| 082 |
_223 _a303.6 _bC133 |
||
| 100 |
_aCaicedo Narváez, Roberto, _eautor |
||
| 245 | 3 |
_aLa memoria colectiva en la constitución de las víctimas como sujeto social _c/ Roberto Caicedo Narváez |
|
| 264 | 1 |
_aCali, Colombia : _bFundación Universitaria Católica Lumen Gentium - Unicatólica _c[2023] |
|
| 264 | 4 | _c©2023 | |
| 300 |
_a320 páginas _c; 17 cm |
||
| 336 |
_2rdacontent _atexto _btxt |
||
| 337 |
_2rdamedia _asin mediación _bn |
||
| 338 |
_2rdacarrier _avolumen _bnc |
||
| 500 | _aIncluye índice , incluye referencias bibliográficas ; incluye anexos | ||
| 505 |
_gCapítulo 1: _tConflicto y memoria en Colombia: _al conflicto en Colombia en las últimas décadas.-- Las víctimas y las masacres en el contexto del conflicto de Colombia.-- La victimización en Trujillo y el surgimiento de Afavit. _gCapítulo 2: _tMemorización: ¿Cómo y para qué? _aAntecedentes de los procesos de memorización en el caso colombiano.-- Importancia de los procesos de memorización para las víctimas.-- La memoria colectiva y otras memorias.-- La memoria según su forma de fijación. Memoria cultural y comunicativa..-- La perspectiva desde lo contextual o coyuntural. La memoria social.-- La memoria en relación con el trauma. Memoria moral y traumática..-- La historia como memoria y la memoria histórica.-- La memoria colectiva.-- Memoria colectiva y memoria individual.-- La memoria colectiva como categoría de análisis.-- Memoria colectiva y sujeto social. El discurso y la memoria colectiva.-- Aspectos metodológicos: Las categorías que se van a utilizar.-- El análisis crítico del discurso y el estudio de la memoria colectiva.-- El análisis de las fuentes o discursos. _gCapítulo 3: _tMemoria colectiva y discurso en Trujillo: _aLa masacre de Trujillo y el desarrollo de Afavit.-- Primera etapa. Los años de la masacre: 1986-1994.-- Segunda etapa. Investigación de los hechos y memoria: 1994-2002.-- Tercera etapa. Memoria y revictimización: 2003-2014.-- El análisis del discurso: ¿Qué dicen las víctimas de Trujillo?.-- La dimensión material de la memoria.-- Dimensión funcional de la memoria.-- Dimensión simbólica de la memoria. _gCapítulo 4: _tMemoria y constitución del sujeto "víctimas": _aMemoria y constitución del sujeto.-- Implicaciones y riesgos.-- Los riesgos de asimilación y saturación de la memoria.-- El primer riesgo: la asimilación de la memoria.-- El segundo riesgo: la hipermemoria.-- El sujeto social "víctimas" y la propuesta utópica. Víctimas, riesgos y posibilidades en el contexto actual. _gCapítulo 5: _tConclusiones generales: _aEn cuanto al conflicto colombiano y las víctimas.-- En cuanto a Trujillo y el surgimiento de Afavit.-- En cuanto al discurso de las víctimas y la construcción de memoria.-- Memoria colectiva y la constitución del sujeto social. |
||
| 563 | _aRústico | ||
| 650 | 7 |
_aVíctimas _2embne _96951 |
|
| 650 | 7 |
_aViolencia política _2embne _92644 |
|
| 653 | _aConflicto social | ||
| 653 | _aMemoria colectiva | ||
| 653 | _aVíctimas de conflictos sociales -- Colombia | ||
| 942 | _cBK | ||
| 945 | _aCatherine Arias Alvarez | ||
| 999 |
_c71353 _d71353 |
||